| 000 | 00549nam a2200169 a 4500 | ||
|---|---|---|---|
| 001 | 3760 | ||
| 003 | CDMR | ||
| 005 | 20130326123303.0 | ||
| 008 | 130130s1992||||||||||||||||||||||||||||d | ||
| 020 | _a8479351012 | ||
| 040 |
_aCDMR _bcat _cCPC LLEIDA |
||
| 100 | 1 |
_aBureu, Nela _92673 |
|
| 245 | 1 | 0 |
_aVoices of Ireland _cAingeal O'Donoghue ... [et al.] ; edició a cura de Nela Bureu, P. Gallardo, Maria O'Neill _b: proceedings of the first Conference on Irish Studies |
| 260 |
_aLleida _c1992 _bPagès |
||
| 490 | 0 |
_aEl Fil d'Ariadna _v12 |
|
| 942 |
_cMON _2udc |
||
| 999 |
_c3760 _d3760 |
||